Kvalita elektrickej energie

Enregistré dans:
Détails bibliographiques
Auteur principal: Schramm, Andrej, 1991- (Auteur)
Autres auteurs: Beláň, Anton, 1970- (Directeur de thèse)
Format: Manuscrit Livre
Langue:slovaque
Publié: Bratislava : STU v Bratislave FEI, 2013
Sujets:
Accès en ligne:VAIS
Tags: Ajouter un tag
Pas de tags, Soyez le premier à ajouter un tag!

MARC

LEADER 00000ntm a22000003a 4500
001 stu272648
005 20150617230233.7
008 130801s2013----xo------------------slo-d
040 |a STU  |b slo 
041 0 |a slo 
044 |a xo 
100 1 |a Schramm, Andrej,  |d 1991-  |4 aut  |u E  |T FEI Fakulta elektrotechniky a informatiky  |X 6119  |U E  |Y 30  |7 A000006119 
242 0 0 |a Power quality  |y eng 
245 1 |a Kvalita elektrickej energie 
260 |a Bratislava :  |b STU v Bratislave FEI,  |c 2013 
300 |a 53 s 
650 7 |a Electrical Engineering  |2 estusub 
700 1 |a Beláň, Anton,  |d 1970-  |4 ths  |u E020  |U FEI Fakulta elektrotechniky a informatiky  |T FEI Ústav elektroenergetiky a aplikovanej elektrotechniky  |X 2032  |U E020  |Y 548  |7 A000002032 
856 4 |a info a plný text  |u http://is.stuba.sk/zp/portal_zp.pl?podrobnosti=78172  |3 VAIS 
996 |b 284ER01234  |c E*Bc-1234  |l EE32  |s P  |a 0  |w stu272648_0001